All Manchester United Premier League Players Ever - Statistics

General Stats
  • This quiz has been taken 592 times
  • The average score is 529 of 844
Answer Stats
% Correct
2003/04 Portugal Cristiano Ronaldo 29
95%
2004/05 Portugal Cristiano Ronaldo 33
95%
2005/06 Portugal Cristiano Ronaldo 33
95%
2006/07 Portugal Cristiano Ronaldo 34
95%
2007/08 Portugal Cristiano Ronaldo 34
95%
2008/09 Portugal Cristiano Ronaldo 33
95%
2021/22 Portugal Cristiano Ronaldo 30
95%
2022/23 Portugal Cristiano Ronaldo 10
95%
1992/93 Wales Ryan Giggs 41
94%
1993/94 Wales Ryan Giggs 38
94%
1994/95 Wales Ryan Giggs 29
94%
1995/96 Wales Ryan Giggs 33
94%
1996/97 Wales Ryan Giggs 26
94%
1997/98 Wales Ryan Giggs 29
94%
1998/99 Wales Ryan Giggs 24
94%
1999/00 Wales Ryan Giggs 30
94%
2000/01 Wales Ryan Giggs 31
94%
2001/02 Wales Ryan Giggs 25
94%
2002/03 Wales Ryan Giggs 36
94%
2003/04 Wales Ryan Giggs 33
94%
2004/05 Wales Ryan Giggs 32
94%
2005/06 Wales Ryan Giggs 27
94%
2006/07 Wales Ryan Giggs 30
94%
2007/08 Wales Ryan Giggs 31
94%
2008/09 Wales Ryan Giggs 28
94%
2009/10 Wales Ryan Giggs 25
94%
2010/11 Wales Ryan Giggs 25
94%
2011/12 Wales Ryan Giggs 25
94%
2012/13 Wales Ryan Giggs 22
94%
2013/14 Wales Ryan Giggs 12
94%
2011/12 Spain David de Gea 29
93%
2012/13 Spain David de Gea 28
93%
2013/14 Spain David de Gea 37
93%
2014/15 Spain David de Gea 37
93%
2015/16 Spain David de Gea 34
93%
2016/17 Spain David de Gea 35
93%
2017/18 Spain David de Gea 37
93%
2018/19 Spain David de Gea 38
93%
2019/20 Spain David de Gea 38
93%
2020/21 Spain David de Gea 26
93%
2021/22 Spain David de Gea 38
93%
2022/23 Spain David de Gea 38
93%
2002/03 England Rio Ferdinand 28
91%
2003/04 England Rio Ferdinand 20
91%
2004/05 England Rio Ferdinand 31
91%
2005/06 England Rio Ferdinand 37
91%
2006/07 England Rio Ferdinand 33
91%
2007/08 England Rio Ferdinand 35
91%
2008/09 England Rio Ferdinand 24
91%
2009/10 England Rio Ferdinand 13
91%
2010/11 England Rio Ferdinand 19
91%
2011/12 England Rio Ferdinand 30
91%
2012/13 England Rio Ferdinand 28
91%
2013/14 England Rio Ferdinand 14
91%
2004/05 England Wayne Rooney 29
91%
2005/06 England Wayne Rooney 36
91%
2006/07 England Wayne Rooney 35
91%
2007/08 England Wayne Rooney 27
91%
2008/09 England Wayne Rooney 30
91%
2009/10 England Wayne Rooney 32
91%
2010/11 England Wayne Rooney 28
91%
2011/12 England Wayne Rooney 34
91%
2012/13 England Wayne Rooney 27
91%
2013/14 England Wayne Rooney 29
91%
2014/15 England Wayne Rooney 33
91%
2015/16 England Wayne Rooney 28
91%
2016/17 England Wayne Rooney 25
91%
2005/06 Serbia Nemanja Vidic 11
90%
2006/07 Serbia Nemanja Vidic 25
90%
2007/08 Serbia Nemanja Vidic 32
90%
2008/09 Serbia Nemanja Vidic 34
90%
2009/10 Serbia Nemanja Vidic 24
90%
2010/11 Serbia Nemanja Vidic 35
90%
2011/12 Serbia Nemanja Vidic 6
90%
2012/13 Serbia Nemanja Vidic 19
90%
2013/14 Serbia Nemanja Vidic 25
90%
2005/06 South Korea Park Ji-Sung 34
90%
2006/07 South Korea Park Ji-Sung 14
90%
2007/08 South Korea Park Ji-Sung 12
90%
2008/09 South Korea Park Ji-Sung 25
90%
2009/10 South Korea Park Ji-Sung 17
90%
2010/11 South Korea Park Ji-Sung 15
90%
2011/12 South Korea Park Ji-Sung 17
90%
1994/95 England Paul Scholes 17
90%
1995/96 England Paul Scholes 26
90%
1996/97 England Paul Scholes 24
90%
1997/98 England Paul Scholes 31
90%
1998/99 England Paul Scholes 31
90%
1999/00 England Paul Scholes 31
90%
2000/01 England Paul Scholes 32
90%
2001/02 England Paul Scholes 35
90%
2002/03 England Paul Scholes 33
90%
2003/04 England Paul Scholes 28
90%
2004/05 England Paul Scholes 33
90%
2005/06 England Paul Scholes 20
90%
2006/07 England Paul Scholes 30
90%
2007/08 England Paul Scholes 24
90%
2008/09 England Paul Scholes 21
90%
2009/10 England Paul Scholes 28
90%
2010/11 England Paul Scholes 22
90%
2011/12 England Paul Scholes 17
90%
2012/13 England Paul Scholes 16
90%
2019/20 Portugal Bruno Fernandes 14
89%
2020/21 Portugal Bruno Fernandes 37
89%
2021/22 Portugal Bruno Fernandes 36
89%
2022/23 Portugal Bruno Fernandes 37
89%
2015/16 England Marcus Rashford 11
88%
2016/17 England Marcus Rashford 32
88%
2017/18 England Marcus Rashford 35
88%
2018/19 England Marcus Rashford 33
88%
2019/20 England Marcus Rashford 31
88%
2020/21 England Marcus Rashford 37
88%
2021/22 England Marcus Rashford 25
88%
2022/23 England Marcus Rashford 35
88%
1994/95 England Phil Neville 2
88%
1995/96 England Phil Neville 24
88%
1996/97 England Phil Neville 18
88%
1997/98 England Phil Neville 30
88%
1998/99 England Phil Neville 28
88%
1999/00 England Phil Neville 29
88%
2000/01 England Phil Neville 29
88%
2001/02 England Phil Neville 28
88%
2002/03 England Phil Neville 25
88%
2003/04 England Phil Neville 31
88%
2004/05 England Phil Neville 19
88%
1993/94 England Gary Neville 1
87%
1994/95 England Gary Neville 18
87%
1995/96 England Gary Neville 31
87%
1996/97 England Gary Neville 31
87%
1997/98 England Gary Neville 34
87%
1998/99 England Gary Neville 34
87%
1999/00 England Gary Neville 22
87%
2000/01 England Gary Neville 32
87%
2001/02 England Gary Neville 34
87%
2002/03 England Gary Neville 26
87%
2003/04 England Gary Neville 30
87%
2004/05 England Gary Neville 22
87%
2005/06 England Gary Neville 25
87%
2006/07 England Gary Neville 24
87%
2008/09 England Gary Neville 16
87%
2009/10 England Gary Neville 17
87%
2010/11 England Gary Neville 3
87%
1993/94 Ireland Roy Keane 37
87%
1994/95 Ireland Roy Keane 25
87%
1995/96 Ireland Roy Keane 29
87%
1996/97 Ireland Roy Keane 21
87%
1997/98 Ireland Roy Keane 9
87%
1998/99 Ireland Roy Keane 35
87%
1999/00 Ireland Roy Keane 29
87%
2000/01 Ireland Roy Keane 28
87%
2001/02 Ireland Roy Keane 28
87%
2002/03 Ireland Roy Keane 21
87%
2003/04 Ireland Roy Keane 28
87%
2004/05 Ireland Roy Keane 31
87%
2005/06 Ireland Roy Keane 5
87%
2009/10 Ecuador Antonio Valencia 34
86%
2010/11 Ecuador Antonio Valencia 10
86%
2011/12 Ecuador Antonio Valencia 27
86%
2012/13 Ecuador Antonio Valencia 30
86%
2013/14 Ecuador Antonio Valencia 29
86%
2014/15 Ecuador Antonio Valencia 32
86%
2015/16 Ecuador Antonio Valencia 14
86%
2016/17 Ecuador Antonio Valencia 28
86%
2017/18 Ecuador Antonio Valencia 31
86%
2018/19 Ecuador Antonio Valencia 6
86%
1994/95 England David Beckham 4
86%
1995/96 England David Beckham 33
86%
1996/97 England David Beckham 36
86%
1997/98 England David Beckham 37
86%
1998/99 England David Beckham 34
86%
1999/00 England David Beckham 31
86%
2000/01 England David Beckham 31
86%
2001/02 England David Beckham 28
86%
2002/03 England David Beckham 31
86%
2014/15 England Michael Keane 1
86%
2005/06 France Patrice Evra 11
86%
2006/07 France Patrice Evra 24
86%
2007/08 France Patrice Evra 33
86%
2008/09 France Patrice Evra 28
86%
2009/10 France Patrice Evra 38
86%
2010/11 France Patrice Evra 35
86%
2011/12 France Patrice Evra 37
86%
2012/13 France Patrice Evra 34
86%
2013/14 France Patrice Evra 33
86%
2011/12 Ireland Will Keane 1
86%
2015/16 Ireland Will Keane 1
86%
1992/93 Denmark Peter Schmeichel 42
85%
1993/94 Denmark Peter Schmeichel 40
85%
1994/95 Denmark Peter Schmeichel 32
85%
1995/96 Denmark Peter Schmeichel 36
85%
1996/97 Denmark Peter Schmeichel 36
85%
1997/98 Denmark Peter Schmeichel 32
85%
1998/99 Denmark Peter Schmeichel 34
85%
2012/13 Netherlands Robin van Persie 38
85%
2013/14 Netherlands Robin van Persie 21
85%
2014/15 Netherlands Robin van Persie 27
85%
2017/18 Sweden Victor Lindelof 17
85%
2018/19 Sweden Victor Lindelof 30
85%
2019/20 Sweden Victor Lindelof 35
85%
2020/21 Sweden Victor Lindelof 29
85%
2021/22 Sweden Victor Lindelof 28
85%
2022/23 Sweden Victor Lindelof 20
85%
2016/17 Sweden Zlatan Ibrahimovic 28
85%
2017/18 Sweden Zlatan Ibrahimovic 5
85%
2008/09 Bulgaria Dimitar Berbatov 31
84%
2009/10 Bulgaria Dimitar Berbatov 33
84%
2010/11 Bulgaria Dimitar Berbatov 32
84%
2011/12 Bulgaria Dimitar Berbatov 12
84%
2005/06 Netherlands Edwin van der Sar 38
84%
2006/07 Netherlands Edwin van der Sar 32
84%
2007/08 Netherlands Edwin van der Sar 29
84%
2008/09 Netherlands Edwin van der Sar 33
84%
2009/10 Netherlands Edwin van der Sar 21
84%
2010/11 Netherlands Edwin van der Sar 33
84%
2014/15 England Luke Shaw 16
83%
2015/16 England Luke Shaw 5
83%
2016/17 England Luke Shaw 11
83%
2017/18 England Luke Shaw 11
83%
2018/19 England Luke Shaw 29
83%
2019/20 England Luke Shaw 24
83%
2020/21 England Luke Shaw 32
83%
2021/22 England Luke Shaw 20
83%
2022/23 England Luke Shaw 31
83%
1996/97 Norway Ole Gunnar Solskjaer 33
83%
1997/98 Norway Ole Gunnar Solskjaer 22
83%
1998/99 Norway Ole Gunnar Solskjaer 19
83%
1999/00 Norway Ole Gunnar Solskjaer 28
83%
2000/01 Norway Ole Gunnar Solskjaer 31
83%
2001/02 Norway Ole Gunnar Solskjaer 30
83%
2002/03 Norway Ole Gunnar Solskjaer 37
83%
2003/04 Norway Ole Gunnar Solskjaer 13
83%
2005/06 Norway Ole Gunnar Solskjaer 3
83%
2006/07 Norway Ole Gunnar Solskjaer 19
83%
2001/02 Netherlands Ruud van Nistelrooy 32
83%
2002/03 Netherlands Ruud van Nistelrooy 34
83%
2003/04 Netherlands Ruud van Nistelrooy 32
83%
2004/05 Netherlands Ruud van Nistelrooy 17
83%
2005/06 Netherlands Ruud van Nistelrooy 35
83%
2016/17 Scotland Scott McTominay 2
83%
2017/18 Scotland Scott McTominay 13
83%
2018/19 Scotland Scott McTominay 16
83%
2019/20 Scotland Scott McTominay 27
83%
2020/21 Scotland Scott McTominay 32
83%
2021/22 Scotland Scott McTominay 30
83%
2022/23 Scotland Scott McTominay 24
83%
2019/20 England Harry Maguire 38
82%
2020/21 England Harry Maguire 34
82%
2021/22 England Harry Maguire 30
82%
2022/23 England Harry Maguire 16
82%
2007/08 Portugal Nani 26
82%
2008/09 Portugal Nani 13
82%
2009/10 Portugal Nani 23
82%
2010/11 Portugal Nani 33
82%
2011/12 Portugal Nani 29
82%
2012/13 Portugal Nani 11
82%
2013/14 Portugal Nani 11
82%
2014/15 Portugal Nani 1
82%
2011/12 France Paul Pogba 3
82%
2016/17 France Paul Pogba 30
82%
2017/18 France Paul Pogba 27
82%
2018/19 France Paul Pogba 35
82%
2019/20 France Paul Pogba 16
82%
2020/21 France Paul Pogba 26
82%
2021/22 France Paul Pogba 20
82%
1994/95 England Andrew Cole 18
81%
1995/96 England Andrew Cole 34
81%
1996/97 England Andrew Cole 20
81%
1997/98 England Andrew Cole 33
81%
1998/99 England Andrew Cole 32
81%
1999/00 England Andrew Cole 28
81%
2000/01 England Andrew Cole 19
81%
2001/02 England Andrew Cole 11
81%
2008/09 Northern Ireland Jonny Evans 17
81%
2009/10 Northern Ireland Jonny Evans 18
81%
2010/11 Northern Ireland Jonny Evans 13
81%
2011/12 Northern Ireland Jonny Evans 29
81%
2012/13 Northern Ireland Jonny Evans 23
81%
2013/14 Northern Ireland Jonny Evans 17
81%
2014/15 Northern Ireland Jonny Evans 14
81%
2006/07 England Michael Carrick 33
80%
2007/08 England Michael Carrick 31
80%
2008/09 England Michael Carrick 28
80%
2009/10 England Michael Carrick 30
80%
2010/11 England Michael Carrick 28
80%
2011/12 England Michael Carrick 30
80%
2012/13 England Michael Carrick 36
80%
2013/14 England Michael Carrick 29
80%
2014/15 England Michael Carrick 18
80%
2015/16 England Michael Carrick 28
80%
2016/17 England Michael Carrick 23
80%
2017/18 England Michael Carrick 2
80%
2015/16 France Anthony Martial 31
79%
2016/17 France Anthony Martial 25
79%
2017/18 France Anthony Martial 30
79%
2018/19 France Anthony Martial 27
79%
2019/20 France Anthony Martial 32
79%
2020/21 France Anthony Martial 22
79%
2021/22 France Anthony Martial 8
79%
2022/23 France Anthony Martial 21
79%
1992/93 France Eric Cantona 22
79%
1993/94 France Eric Cantona 34
79%
1994/95 France Eric Cantona 21
79%
1995/96 France Eric Cantona 30
79%
1996/97 France Eric Cantona 36
79%
2010/11 Mexico Javier Hernandez 27
79%
2011/12 Mexico Javier Hernandez 28
79%
2012/13 Mexico Javier Hernandez 22
79%
2013/14 Mexico Javier Hernandez 24
79%
2014/15 Mexico Javier Hernandez 1
79%
2015/16 Mexico Javier Hernandez 1
79%
2013/14 Spain Juan Mata 15
79%
2014/15 Spain Juan Mata 33
79%
2015/16 Spain Juan Mata 38
79%
2016/17 Spain Juan Mata 25
79%
2017/18 Spain Juan Mata 28
79%
2018/19 Spain Juan Mata 22
79%
2019/20 Spain Juan Mata 19
79%
2020/21 Spain Juan Mata 9
79%
2021/22 Spain Juan Mata 7
79%
2022/23 Denmark Christian Eriksen 28
78%
2011/12 England Phil Jones 29
78%
2012/13 England Phil Jones 17
78%
2013/14 England Phil Jones 26
78%
2014/15 England Phil Jones 22
78%
2015/16 England Phil Jones 10
78%
2016/17 England Phil Jones 18
78%
2017/18 England Phil Jones 23
78%
2018/19 England Phil Jones 18
78%
2019/20 England Phil Jones 2
78%
2021/22 England Phil Jones 4
78%
2017/18 Belgium Romelu Lukaku 34
78%
2018/19 Belgium Romelu Lukaku 32
78%
2022/23 Brazil Casemiro 28
77%
2018/19 Portugal Diogo Dalot 16
77%
2019/20 Portugal Diogo Dalot 4
77%
2021/22 Portugal Diogo Dalot 24
77%
2022/23 Portugal Diogo Dalot 26
77%
1998/99 Trinidad & Tobago Dwight Yorke 32
77%
1999/00 Trinidad & Tobago Dwight Yorke 32
77%
2000/01 Trinidad & Tobago Dwight Yorke 22
77%
2001/02 Trinidad & Tobago Dwight Yorke 10
77%
2017/18 Serbia Nemanja Matic 36
77%
2018/19 Serbia Nemanja Matic 28
77%
2019/20 Serbia Nemanja Matic 21
77%
2020/21 Serbia Nemanja Matic 20
77%
2021/22 Serbia Nemanja Matic 23
77%
2018/19 Brazil Fred 17
76%
2019/20 Brazil Fred 29
76%
2020/21 Brazil Fred 30
76%
2021/22 Brazil Fred 28
76%
2022/23 Brazil Fred 35
76%
2013/14 Belgium Marouane Fellaini 16
75%
2014/15 Belgium Marouane Fellaini 27
75%
2015/16 Belgium Marouane Fellaini 18
75%
2016/17 Belgium Marouane Fellaini 28
75%
2017/18 Belgium Marouane Fellaini 16
75%
2018/19 Belgium Marouane Fellaini 14
75%
2021/22 France Raphael Varane 22
75%
2022/23 France Raphael Varane 24
75%
2003/04 Scotland Darren Fletcher 22
74%
2004/05 Scotland Darren Fletcher 18
74%
2005/06 Scotland Darren Fletcher 27
74%
2006/07 Scotland Darren Fletcher 24
74%
2007/08 Scotland Darren Fletcher 16
74%
2008/09 Scotland Darren Fletcher 26
74%
2009/10 Scotland Darren Fletcher 30
74%
2010/11 Scotland Darren Fletcher 26
74%
2011/12 Scotland Darren Fletcher 8
74%
2012/13 Scotland Darren Fletcher 3
74%
2013/14 Scotland Darren Fletcher 12
74%
2014/15 Scotland Darren Fletcher 11
74%
2007/08 Argentina Carlos Tevez 34
73%
2008/09 Argentina Carlos Tevez 29
73%
2001/02 Ireland John O'Shea 9
73%
2002/03 Ireland John O'Shea 32
73%
2003/04 Ireland John O'Shea 33
73%
2004/05 Ireland John O'Shea 23
73%
2005/06 Ireland John O'Shea 34
73%
2006/07 Ireland John O'Shea 32
73%
2007/08 Ireland John O'Shea 28
73%
2008/09 Ireland John O'Shea 30
73%
2009/10 Ireland John O'Shea 15
73%
2010/11 Ireland John O'Shea 20
73%
1993/94 England Lee Martin 1
73%
2008/09 England Lee Martin 1
73%
2016/17 Cote D'Ivoire Eric Bailly 25
72%
2017/18 Cote D'Ivoire Eric Bailly 13
72%
2018/19 Cote D'Ivoire Eric Bailly 12
72%
2019/20 Cote D'Ivoire Eric Bailly 4
72%
2020/21 Cote D'Ivoire Eric Bailly 12
72%
2021/22 Cote D'Ivoire Eric Bailly 4
72%
1998/99 Netherlands Jaap Stam 30
72%
1999/00 Netherlands Jaap Stam 33
72%
2000/01 Netherlands Jaap Stam 15
72%
2001/02 Netherlands Jaap Stam 1
72%
2017/18 Chile Alexis Sanchez 12
71%
2018/19 Chile Alexis Sanchez 20
71%
2020/21 Uruguay Edinson Cavani 26
71%
2021/22 Uruguay Edinson Cavani 15
71%
2000/01 France Fabien Barthez 30
71%
2001/02 France Fabien Barthez 32
71%
2002/03 France Fabien Barthez 30
71%
2019/20 England Aaron Wan-Bissaka 35
70%
2020/21 England Aaron Wan-Bissaka 34
70%
2021/22 England Aaron Wan-Bissaka 20
70%
2022/23 England Aaron Wan-Bissaka 19
70%
2022/23 Argentina Lisandro Martinez 27
70%
1997/98 England Wes Brown 2
70%
1998/99 England Wes Brown 14
70%
2000/01 England Wes Brown 28
70%
2001/02 England Wes Brown 17
70%
2002/03 England Wes Brown 22
70%
2003/04 England Wes Brown 17
70%
2004/05 England Wes Brown 21
70%
2005/06 England Wes Brown 19
70%
2006/07 England Wes Brown 22
70%
2007/08 England Wes Brown 36
70%
2008/09 England Wes Brown 8
70%
2009/10 England Wes Brown 19
70%
2010/11 England Wes Brown 7
70%
1992/93 England Nicky Butt 1
69%
1993/94 England Nicky Butt 1
69%
1994/95 England Nicky Butt 22
69%
1995/96 England Nicky Butt 32
69%
1996/97 England Nicky Butt 26
69%
1997/98 England Nicky Butt 33
69%
1998/99 England Nicky Butt 31
69%
1999/00 England Nicky Butt 32
69%
2000/01 England Nicky Butt 28
69%
2001/02 England Nicky Butt 25
69%
2002/03 England Nicky Butt 18
69%
2003/04 England Nicky Butt 21
69%
1997/98 England Teddy Sheringham 31
69%
1998/99 England Teddy Sheringham 17
69%
1999/00 England Teddy Sheringham 27
69%
2000/01 England Teddy Sheringham 29
69%
2015/16 Germany Bastian Schweinsteiger 18
68%
2001/02 Uruguay Diego Forlan 13
68%
2002/03 Uruguay Diego Forlan 25
68%
2003/04 Uruguay Diego Forlan 24
68%
2004/05 Uruguay Diego Forlan 1
68%
2001/02 Argentina Juan Sebastian Veron 26
68%
2002/03 Argentina Juan Sebastian Veron 25
68%
2012/13 Japan Shinji Kagawa 20
68%
2013/14 Japan Shinji Kagawa 18
68%
2021/22 Argentina Alejandro Garnacho 2
67%
2022/23 Argentina Alejandro Garnacho 19
67%
2007/08 Brazil Anderson 24
67%
2008/09 Brazil Anderson 17
67%
2009/10 Brazil Anderson 14
67%
2010/11 Brazil Anderson 18
67%
2011/12 Brazil Anderson 10
67%
2012/13 Brazil Anderson 17
67%
2013/14 Brazil Anderson 4
67%
2014/15 Brazil Anderson 1
67%
2022/23 Brazil Antony 25
67%
2011/12 England Ashley Young 25
67%
2012/13 England Ashley Young 19
67%
2013/14 England Ashley Young 20
67%
2014/15 England Ashley Young 26
67%
2015/16 England Ashley Young 18
67%
2016/17 England Ashley Young 12
67%
2017/18 England Ashley Young 30
67%
2018/19 England Ashley Young 30
67%
2019/20 England Ashley Young 12
67%
2014/15 Netherlands Daley Blind 25
67%
2015/16 Netherlands Daley Blind 35
67%
2016/17 Netherlands Daley Blind 23
67%
2017/18 Netherlands Daley Blind 7
67%
2014/15 Spain Ander Herrera 26
66%
2015/16 Spain Ander Herrera 27
66%
2016/17 Spain Ander Herrera 31
66%
2017/18 Spain Ander Herrera 26
66%
2018/19 Spain Ander Herrera 22
66%
2014/15 Argentina Angel Di Maria 27
66%
2010/11 England Chris Smalling 16
66%
2011/12 England Chris Smalling 19
66%
2012/13 England Chris Smalling 15
66%
2013/14 England Chris Smalling 25
66%
2014/15 England Chris Smalling 25
66%
2015/16 England Chris Smalling 35
66%
2016/17 England Chris Smalling 18
66%
2017/18 England Chris Smalling 29
66%
2018/19 England Chris Smalling 24
66%
2008/09 Brazil Rafael 16
66%
2009/10 Brazil Rafael 8
66%
2010/11 Brazil Rafael 16
66%
2011/12 Brazil Rafael 12
66%
2012/13 Brazil Rafael 28
66%
2013/14 Brazil Rafael 19
66%
2014/15 Brazil Rafael 10
66%
2014/15 Argentina Marcos Rojo 22
65%
2015/16 Argentina Marcos Rojo 16
65%
2016/17 Argentina Marcos Rojo 21
65%
2017/18 Argentina Marcos Rojo 9
65%
2018/19 Argentina Marcos Rojo 5
65%
2019/20 Argentina Marcos Rojo 3
65%
2015/16 Italy Matteo Darmian 28
65%
2016/17 Italy Matteo Darmian 18
65%
2017/18 Italy Matteo Darmian 8
65%
2018/19 Italy Matteo Darmian 6
65%
1992/93 Ireland Denis Irwin 40
64%
1993/94 Ireland Denis Irwin 42
64%
1994/95 Ireland Denis Irwin 40
64%
1995/96 Ireland Denis Irwin 31
64%
1996/97 Ireland Denis Irwin 31
64%
1997/98 Ireland Denis Irwin 25
64%
1998/99 Ireland Denis Irwin 29
64%
1999/00 Ireland Denis Irwin 25
64%
2000/01 Ireland Denis Irwin 21
64%
2001/02 Ireland Denis Irwin 12
64%
2014/15 England Jesse Lingard 1
63%
2015/16 England Jesse Lingard 25
63%
2016/17 England Jesse Lingard 25
63%
2017/18 England Jesse Lingard 33
63%
2018/19 England Jesse Lingard 27
63%
2019/20 England Jesse Lingard 22
63%
2021/22 England Jesse Lingard 16
63%
2019/20 Wales Daniel James 33
62%
2020/21 Wales Daniel James 15
62%
2021/22 Wales Daniel James 2
62%
2020/21 Netherlands Donny van de Beek 19
62%
2021/22 Netherlands Donny van de Beek 8
62%
2022/23 Netherlands Donny van de Beek 7
62%
2021/22 England Jadon Sancho 29
62%
2022/23 England Jadon Sancho 26
62%
2014/15 Colombia Radamel Falcao 26
62%
2003/04 United States Tim Howard 32
62%
2004/05 United States Tim Howard 12
62%
2005/06 United States Tim Howard 1
62%
2016/17 Armenia Henrikh Mkhitaryan 24
61%
2017/18 Armenia Henrikh Mkhitaryan 15
61%
2015/16 Netherlands Memphis Depay 29
61%
2016/17 Netherlands Memphis Depay 4
61%
2009/10 England Michael Owen 19
60%
2010/11 England Michael Owen 11
60%
2011/12 England Michael Owen 1
60%
2004/05 England Alan Smith 31
58%
2005/06 England Alan Smith 21
58%
2006/07 England Alan Smith 9
58%
2009/10 Brazil Fabio 5
58%
2010/11 Brazil Fabio 11
58%
2011/12 Brazil Fabio 5
58%
2013/14 Brazil Fabio 1
58%
2013/14 Belgium Adnan Januzaj 27
57%
2014/15 Belgium Adnan Januzaj 18
57%
2015/16 Belgium Adnan Januzaj 5
57%
1999/00 France Mikael Silvestre 31
57%
2000/01 France Mikael Silvestre 30
57%
2001/02 France Mikael Silvestre 35
57%
2002/03 France Mikael Silvestre 34
57%
2003/04 France Mikael Silvestre 34
57%
2004/05 France Mikael Silvestre 35
57%
2005/06 France Mikael Silvestre 33
57%
2006/07 France Mikael Silvestre 14
57%
2007/08 France Mikael Silvestre 3
57%
1992/93 England Steve Bruce 42
57%
1993/94 England Steve Bruce 41
57%
1994/95 England Steve Bruce 35
57%
1995/96 England Steve Bruce 30
57%
2020/21 Sweden Anthony Elanga 2
56%
2021/22 Sweden Anthony Elanga 21
56%
2022/23 Sweden Anthony Elanga 16
56%
2003/04 France Louis Saha 12
56%
2004/05 France Louis Saha 14
56%
2005/06 France Louis Saha 19
56%
2006/07 France Louis Saha 24
56%
2007/08 France Louis Saha 17
56%
2015/16 France Morgan Schneiderlin 29
56%
2016/17 France Morgan Schneiderlin 3
56%
1992/93 Wales Mark Hughes 41
55%
1993/94 Wales Mark Hughes 36
55%
1994/95 Wales Mark Hughes 34
55%
2018/19 England Mason Greenwood 3
55%
2019/20 England Mason Greenwood 31
55%
2020/21 England Mason Greenwood 31
55%
2021/22 England Mason Greenwood 18
55%
2001/02 France Laurent Blanc 29
52%
2002/03 France Laurent Blanc 19
52%
2007/08 England Owen Hargreaves 23
52%
2008/09 England Owen Hargreaves 2
52%
2009/10 England Owen Hargreaves 1
52%
2010/11 England Owen Hargreaves 1
52%
2008/09 England Danny Welbeck 3
51%
2009/10 England Danny Welbeck 5
51%
2011/12 England Danny Welbeck 30
51%
2012/13 England Danny Welbeck 27
51%
2013/14 England Danny Welbeck 25
51%
2014/15 England Danny Welbeck 2
51%
2008/09 Italy Federico Macheda 4
51%
2009/10 Italy Federico Macheda 5
51%
2010/11 Italy Federico Macheda 7
51%
2011/12 Italy Federico Macheda 3
51%
2004/05 Argentina Gabriel Heinze 26
50%
2005/06 Argentina Gabriel Heinze 4
50%
2006/07 Argentina Gabriel Heinze 22
50%
2015/16 Argentina Sergio Romero 4
50%
2016/17 Argentina Sergio Romero 2
50%
2017/18 Argentina Sergio Romero 1
50%
2011/12 England Tom Cleverley 10
49%
2012/13 England Tom Cleverley 22
49%
2013/14 England Tom Cleverley 22
49%
2014/15 England Tom Cleverley 1
49%
2022/23 Austria Marcel Sabitzer 11
48%
1992/93 England Paul Ince 41
48%
1993/94 England Paul Ince 39
48%
1994/95 England Paul Ince 36
48%
1992/93 Russia Andrei Kanchelskis 27
47%
1993/94 Russia Andrei Kanchelskis 31
47%
1994/95 Russia Andrei Kanchelskis 30
47%
2005/06 Spain Gerard Pique 3
47%
2007/08 Spain Gerard Pique 9
47%
2022/23 Netherlands Tyrell Malacia 22
47%
2020/21 England Dean Henderson 13
46%
1999/00 South Africa Quinton Fortune 6
46%
2000/01 South Africa Quinton Fortune 7
46%
2001/02 South Africa Quinton Fortune 14
46%
2002/03 South Africa Quinton Fortune 9
46%
2003/04 South Africa Quinton Fortune 23
46%
2004/05 South Africa Quinton Fortune 17
46%
1992/93 England Gary Pallister 42
45%
1993/94 England Gary Pallister 41
45%
1994/95 England Gary Pallister 42
45%
1995/96 England Gary Pallister 21
45%
1996/97 England Gary Pallister 27
45%
1997/98 England Gary Pallister 33
45%
2011/12 Denmark Anders Lindegaard 8
44%
2012/13 Denmark Anders Lindegaard 10
44%
2013/14 Denmark Anders Lindegaard 1
44%
1992/93 England Bryan Robson 14
44%
1993/94 England Bryan Robson 15
44%
2020/21 Cote D'Ivoire Amad Diallo 3
43%
2019/20 England Brandon Williams 17
43%
2020/21 England Brandon Williams 4
43%
2006/07 Sweden Henrik Larsson 7
43%
1996/97 Norway Ronny Johnsen 31
43%
1997/98 Norway Ronny Johnsen 22
43%
1998/99 Norway Ronny Johnsen 22
43%
1999/00 Norway Ronny Johnsen 3
43%
2000/01 Norway Ronny Johnsen 11
43%
2001/02 Norway Ronny Johnsen 10
43%
2022/23 Netherlands Wout Weghorst 17
43%
1997/98 Norway Henning Berg 27
42%
1998/99 Norway Henning Berg 16
42%
1999/00 Norway Henning Berg 22
42%
2000/01 Norway Henning Berg 1
42%
2022/23 Uruguay Facundo Pellistri 4
41%
2010/11 Cape Verde Bebe 2
40%
2022/23 England Kobbie Mainoo 1
40%
2020/21 Brazil Alex Telles 9
39%
2021/22 Brazil Alex Telles 21
39%
2003/04 Cameroon Eric Djemba-Djemba 15
39%
2004/05 Cameroon Eric Djemba-Djemba 5
39%
1998/99 Sweden Jesper Blomqvist 25
39%
2014/15 Brazil Andreas Pereira 1
38%
2015/16 Brazil Andreas Pereira 4
38%
2018/19 Brazil Andreas Pereira 15
38%
2019/20 Brazil Andreas Pereira 25
38%
1992/93 Scotland Darren Ferguson 15
38%
1993/94 Scotland Darren Ferguson 3
38%
2016/17 Portugal Joel Pereira 1
38%
2003/04 Brazil Kleberson 12
38%
2004/05 Brazil Kleberson 8
38%
1992/93 England Paul Parker 31
38%
1993/94 England Paul Parker 40
38%
1994/95 England Paul Parker 2
38%
1995/96 England Paul Parker 6
38%
2005/06 Italy Giuseppe Rossi 5
37%
2001/02 Northern Ireland Roy Carroll 7
37%
2002/03 Northern Ireland Roy Carroll 10
37%
2003/04 Northern Ireland Roy Carroll 6
37%
2004/05 Northern Ireland Roy Carroll 26
37%
2013/14 Cote D'Ivoire Wilfried Zaha 2
37%
2007/08 England Ben Foster 1
36%
2008/09 England Ben Foster 2
36%
2009/10 England Ben Foster 9
36%
1992/93 Scotland Brian McClair 42
36%
1993/94 Scotland Brian McClair 26
36%
1994/95 Scotland Brian McClair 40
36%
1995/96 Scotland Brian McClair 22
36%
1996/97 Scotland Brian McClair 19
36%
1997/98 Scotland Brian McClair 13
36%
2008/09 Ireland Darron Gibson 3
36%
2009/10 Ireland Darron Gibson 15
36%
2010/11 Ireland Darron Gibson 12
36%
2011/12 Ireland Darron Gibson 1
36%
1999/00 Australia Mark Bosnich 23
36%
2019/20 Nigeria Odion Ighalo 11
36%
2020/21 Nigeria Odion Ighalo 1
36%
1994/95 England David May 19
35%
1995/96 England David May 16
35%
1996/97 England David May 28
35%
1997/98 England David May 9
35%
1998/99 England David May 6
35%
1999/00 England David May 1
35%
2000/01 England David May 2
35%
2001/02 England David May 2
35%
2002/03 England David May 1
35%
2020/21 Tunisia Hannibal Mejbri 1
35%
2021/22 Tunisia Hannibal Mejbri 2
35%
1996/97 Czech Republic Karel Poborsky 22
35%
1997/98 Czech Republic Karel Poborsky 10
35%
2006/07 Poland Tomasz Kuszczak 6
35%
2007/08 Poland Tomasz Kuszczak 9
35%
2008/09 Poland Tomasz Kuszczak 4
35%
2009/10 Poland Tomasz Kuszczak 8
35%
2010/11 Poland Tomasz Kuszczak 5
35%
2013/14 England James Wilson 1
34%
2014/15 England James Wilson 13
34%
2015/16 England James Wilson 1
34%
1996/97 Netherlands Jordi Cruyff 16
34%
1997/98 Netherlands Jordi Cruyff 5
34%
1998/99 Netherlands Jordi Cruyff 5
34%
1999/00 Netherlands Jordi Cruyff 8
34%
1999/00 England Mark Wilson 3
34%
1992/93 England Lee Sharpe 27
33%
1993/94 England Lee Sharpe 30
33%
1994/95 England Lee Sharpe 28
33%
1995/96 England Lee Sharpe 31
33%
2012/13 Netherlands Alexander Buttner 5
32%
2013/14 Netherlands Alexander Buttner 8
32%
2015/16 Netherlands Timothy Fosu-Mensah 8
31%
2016/17 Netherlands Timothy Fosu-Mensah 4
31%
2019/20 Netherlands Timothy Fosu-Mensah 3
31%
2020/21 Netherlands Timothy Fosu-Mensah 1
31%
2014/15 Spain Victor Valdes 2
30%
2009/10 France Gabriel Obertan 7
29%
2010/11 France Gabriel Obertan 7
29%
2018/19 Netherlands Tahith Chong 2
29%
2019/20 Netherlands Tahith Chong 3
29%
2016/17 England Axel Tuanzebe 4
28%
2017/18 England Axel Tuanzebe 1
28%
2019/20 England Axel Tuanzebe 5
28%
2020/21 England Axel Tuanzebe 9
28%
1992/93 England Dion Dublin 7
28%
1993/94 England Dion Dublin 5
28%
2009/10 Senegal Mame Biram Diouf 5
27%
1996/97 Netherlands Raimond van der Gouw 2
27%
1997/98 Netherlands Raimond van der Gouw 5
27%
1998/99 Netherlands Raimond van der Gouw 5
27%
1999/00 Netherlands Raimond van der Gouw 14
27%
2000/01 Netherlands Raimond van der Gouw 10
27%
2001/02 Netherlands Raimond van der Gouw 1
27%
2003/04 France David Bellion 14
26%
2004/05 France David Bellion 10
26%
2002/03 England Kieran Richardson 2
26%
2004/05 England Kieran Richardson 2
26%
2005/06 England Kieran Richardson 22
26%
2006/07 England Kieran Richardson 15
26%
2016/17 England Angel Gomes 1
25%
2018/19 England Angel Gomes 2
25%
2019/20 England Angel Gomes 2
25%
2014/15 Northern Ireland Paddy McNair 16
25%
2015/16 Northern Ireland Paddy McNair 8
25%
2015/16 England Cameron Borthwick-Jackson 10
23%
1999/00 Italy Massimo Taibi 4
22%
2000/01 England Luke Chadwick 16
21%
2001/02 England Luke Chadwick 8
21%
2002/03 England Luke Chadwick 1
21%
2008/09 Belgium Ritchie De Laet 1
21%
2009/10 Belgium Ritchie De Laet 2
21%
2006/07 China Dong Fangzhuo 1
20%
2015/16 Uruguay Guillermo Varela 4
20%
2012/13 England Nick Powell 2
20%
2015/16 England Nick Powell 1
20%
2006/07 England Chris Eagles 2
19%
2007/08 England Chris Eagles 4
19%
1992/93 Wales Clayton Blackmore 14
19%
1994/95 Northern Ireland Keith Gillespie 9
19%
2004/05 Ireland Liam Miller 8
19%
2005/06 Ireland Liam Miller 1
19%
2014/15 England Tyler Blackett 11
19%
2011/12 England Ben Amos 1
18%
2008/09 Serbia Zoran Tosic 2
18%
2006/07 England Kieran Lee 1
17%
2008/09 Angola Manucho 1
17%
1998/99 England Jonathan Greening 3
16%
1999/00 England Jonathan Greening 4
16%
2000/01 England Jonathan Greening 7
16%
1992/93 England Mike Phelan 11
16%
1993/94 England Mike Phelan 2
16%
1992/93 England Neil Webb 1
16%
2005/06 Scotland Phil Bardsley 8
16%
1997/98 Gibraltar Danny Higginbotham 1
15%
1999/00 Gibraltar Danny Higginbotham 3
15%
1994/95 Wales Simon Davies 5
15%
1995/96 Wales Simon Davies 6
15%
2007/08 England Fraizer Campbell 1
14%
2008/09 England Fraizer Campbell 1
14%
2018/19 England James Garner 1
14%
2019/20 England James Garner 1
14%
2016/17 England Josh Harrop 1
14%
1993/94 England Gary Walsh 3
13%
1994/95 England Gary Walsh 10
13%
2007/08 England Danny Simpson 3
12%
1992/93 England Danny Wallace 2
12%
2000/01 Northern Ireland David Healy 1
12%
2002/03 Spain Ricardo 1
12%
1997/98 England Ronnie Wallwork 1
12%
1999/00 England Ronnie Wallwork 5
12%
2000/01 England Ronnie Wallwork 12
12%
2001/02 England Ronnie Wallwork 1
12%
2020/21 England Shola Shoretire 2
12%
2021/22 England Shola Shoretire 1
12%
1997/98 Norway Erik Nevland 1
11%
2000/01 Scotland Andy Goram 2
10%
1996/97 England Chris Casper 2
10%
2004/05 United States Jonathan Spector 3
10%
1994/95 England Kevin Pilkington 1
10%
1995/96 England Kevin Pilkington 3
10%
1997/98 England Kevin Pilkington 2
10%
2008/09 Italy Rodrigo Possebon 3
10%
1995/96 England Terry Cooke 4
10%
2020/21 England William Fish 1
10%
1993/94 England Ben Thornley 1
9%
1995/96 England Ben Thornley 1
9%
1996/97 England Ben Thornley 2
9%
1997/98 England Ben Thornley 5
9%
2000/01 Sweden Bojan Djordjic 1
9%
2015/16 Scotland Donald Love 1
9%
1995/96 England John O'Kane 1
9%
1996/97 England John O'Kane 1
9%
1995/96 France William Prunier 2
9%
1997/98 England John Curtis 8
8%
1998/99 England John Curtis 4
8%
1999/00 England John Curtis 1
8%
2000/01 Scotland Michael Stewart 3
8%
2001/02 Scotland Michael Stewart 3
8%
2002/03 Scotland Michael Stewart 1
8%
1997/98 Northern Ireland Phil Mulryne 1
8%
1996/97 England Michael Clegg 4
7%
1997/98 England Michael Clegg 3
7%
1999/00 England Michael Clegg 2
7%
2016/17 England Demetri Mitchell 1
6%
1993/94 Scotland Colin McKee 1
5%
2011/12 England Ezekiel Fryers 2
5%
1999/00 England Nick Culkin 1
5%
2013/14 Wales Tom Lawrence 1
5%
2002/03 England Danny Pugh 1
4%
2000/01 England Paul Rachubka 1
4%
2008/09 England Richard Eckersley 2
4%
2014/15 England Tom Thorpe 1
4%
2015/16 England James Weir 1
2%
2002/03 England Lee Roche 1
1%
No matching quizzes found
Score Distribution
Percent of People with Each Score
Percentile by Number Answered
Your Score History
You have not taken this quiz